Law affecting land valuation (Record no. 105722)

MARC details
000 -LEADER
fixed length control field 00579cam a2200193 4500
001 - CONTROL NUMBER
control field ##L134544
008 - FIXED-LENGTH DATA ELEMENTS--GENERAL INFORMATION
fixed length control field 060815n 000 0 eng u
035 ## - SYSTEM CONTROL NUMBER
System control number (Sirsi) u134544
041 0# - LANGUAGE CODE
Language code of text/sound track or separate title eng
050 04 - LIBRARY OF CONGRESS CALL NUMBER
Classification number 333.332 $2 18
110 2# - MAIN ENTRY--CORPORATE NAME
Corporate name or jurisdiction name as entry element Commonwealth Institute of Valuers
9 (RLIN) 409
245 00 - TITLE STATEMENT
Title Law affecting land valuation
260 ## - PUBLICATION, DISTRIBUTION, ETC.
Place of publication, distribution, etc. Sydney
Name of publisher, distributor, etc. Commonwealth Institute of Valuers
Date of publication, distribution, etc. [1946]
300 ## - PHYSICAL DESCRIPTION
Extent 55p.
Dimensions 22cm.
490 #0 - SERIES STATEMENT
Series statement Commonwealth Institute of Valuers text books series
690 ## - LOCAL SUBJECT ADDED ENTRY--TOPICAL TERM (OCLC, RLIN)
Topical term or geographic name as entry element PROPERTY-PROPERTY VALUATION AND APPRAISAL
700 1# - ADDED ENTRY--PERSONAL NAME
Personal name Collins, C. M.
942 ## - ADDED ENTRY ELEMENTS (KOHA)
Suppress in OPAC 0
Holdings
Withdrawn status Lost status Source of classification or shelving scheme Damaged status Not for loan Home library Current library Shelving location Date acquired Total Checkouts Full call number Barcode Date last seen Copy number Price effective from Koha item type
    Dewey Decimal Classification     London London Basement 15/08/2006   SHELF 132 30014935 06/08/2019 1 06/08/2019 Book